| 000 | 00585nam a2200205Ia 4500 | ||
|---|---|---|---|
| 001 | 1281 | ||
| 003 | GE_BSU | ||
| 008 | 181216s||||||||xx |||||||||||||| ||und|| | ||
| 040 | _cGE_BSU | ||
| 080 | _a821.353.1-1+821.353.1-3 | ||
| 100 | _aტაბიძე, ტიციან | ||
| 245 | _a(1893-1937) | ||
| 245 | _cმთ.რედ:ინწკირველი,ეთერ | ||
| 260 | _aთბილისი | ||
| 260 | _bსაოჯახო ბიბლიოთეკა | ||
| 260 | _c2011 | ||
| 541 | _h18 ლ. | ||
| 653 | _aლიტერატურა | ||
| 942 | _cBK | ||
| 999 |
_c35425 _d35425 |
||